Prénom comme nom de famille comme prénom n°2 - Statistiques

Statistiques générales
  • Ce quiz a été pris 354 fois
  • Le résultat moyen est 11 sur 14
Statistiques - réponses
Prénom ?Nom? Nom de famille % Correct
Anatole France Gall
97%
Claude François Mitterrand
96%
Louis-Ferdinand Céline Dion
95%
Alain Marion Cotillard
94%
Aretha Franklin D. Roosevelt
87%
George Michael Jackson
86%
Franz Marc Chagall
84%
Gabriel Marcel Proust
79%
Gen Paul Cézanne
79%
Yves Robert Redford
79%
Plastic Bertrand Russell
78%
Jane Avril Lavigne
61%
Jules Robert Auguste Rodin
60%
Émile Bernard Arnault
39%
Aucun quiz correspondant
Distribution des résultats
% des personnes avec chaque résultat
Percentile par nombre de réponses
Votre historique - résultats
Vous n’avez pas pris ce quiz